000 00638nam a2200193Ia 4500
003 GCL
008 140319s9999 xx 000 0 ara d
040 _aGCL /
_cGCL
082 0 4 _a895.6
_bم هـ
100 1 _aميشيما, يوكيو
245 1 0 _aهدير الامواج : رواية (هدية من الاديب عبدالفتاح الجمل) /
_cميشيما, يوكيو
700 1 _aسعيد احمد الحكيم
300 _a202 ص
490 _a
650 0 4 _aالقصص اليابانية
650 0 4 _aالادب اليابانى المترجم
650 0 4 _aالادب العالمى المترجم
942 _2ddc
_cBK
999 _c40036
_d40036